000 00545nam a22001817a 4500
999 _c187415
_d187415
005 20220419113911.0
010 _aENG-132311
020 _a9789380925745
_c450.00
035 _aEN-115843
037 _bDBAD/PUB
082 _a954.1405092
100 _aBanerjee, Mamata
245 _aMy Journey/
_cMamata Banerjee
260 _aNew Delhi
_bBEE Books
_c2018
270 _a4858/24, Lower Ground Floor (Basement), Ansari Road, Daryaganj
_bNew Delhi
_e110002
300 _a180p.
_c25cm(pbk)
942 _2ddc
_cEN
_h954.1405092
_mBAN